000 00884nas a2200289 4500
001 BR0302440
003 BR-BrBNA
005 20231205103802.0
007 ta
008 230509b bl.|||p| |||| 00| 00por d
040 _aBR-BrBNA
_bpor
_cBiblioteca Nacional de Agricultura
041 _a(Pt)
072 _aP33
100 1 _aGiarola, N.F.B.
100 1 _aSilva, A.P.
100 1 _aImhoff, S.
245 1 _aRelações entre propriedades físicas e características de solos da região Sul do Brasil
650 _aSOLO
650 _aAMOSTRAGEM
650 _aANÁLISE DO SOLO
650 _aPROPRIEDADE FÍSICO-QUÍMICA
650 _aCOMPACTAÇÃO DO SOLO
650 _aSUL
773 0 _tRevista Brasileira de Ciência do Solo (Brazil)
_xISSN 0100-0683
_g(Oct-Dec 2002), v. 26(4) p. 885-893
_wBR0302440
909 _a202311
_bLúcia
_c55
_dLúcia Elande
942 _2AGRIS
_n0
_cANA
999 _c174720
_d174720